Periplo /

Guardado en:
Autor Principal: Filloy, Juan
Formato: Libro
Publicado: Buenos Aires : El cuenco de plata, 2007
Series:Biblioteca Juan Filloy
Materias:
Etiquetas: Agregar Etiqueta
Sin Etiquetas, Sea el primero en etiquetar este registro!
LEADER 00716nam a22002535a 4500
001 CEM.cems018172
005 20140313095210.0
008 130507s2007##################000#0#####d
003 CEMS
020 |a 9789871228508 
082 0 4 |a A868.4 
100 1 |a Filloy, Juan 
245 1 0 |a Periplo /  |c Juan Filloy 
260 |a Buenos Aires :  |b El cuenco de plata,  |c 2007 
300 |a 160 p. 
490 0 |a Biblioteca Juan Filloy 
653 |a Literatura 
653 |a Literatura argentina 
653 |a Crónica 
653 |a Crónica de viaje 
653 |a Narrativa 
653 |a Narrativa argentina 
653 |a Ministerio de educación-colección literario 
859 |a CEMS  |b BIB. CEMS - Agricultura  |h A868.4  |i F486  |p A2025.14  |t Ej.1